000 00597nam a2200241 a 4500
001 nice12345678
003 IN_TiNIC
005 20260116012610.0
008 050524s1987 dela grp 000 0 urd
020 _a
_c100
082 0 0 _a891.43909
_bSAR1
100 _aSarwar, Tonsvi
245 _aBa Kooe Yaar, Ba Andaaz-E-Mahrimana Guzar
260 _aDelhi
_bShan-E-Hind Office
_c1987
300 _a271p
500 _aincludes index and biblioraphy
505 2 _aErrata
650 _aBiography-Urdu Writers
700 1 _aSarwar, Tonsvi
902 _bSRS
942 _cBK
999 _c7616
_d7616